Nová aplikačná a rozhodovacia prax ohľadom konfliktu záujmov

Článok sa venuje novej aplikačnej a rozhodovacej praxi zo strany Úradu pre verejné obstarávanie (ďalej len "ÚVO") ohľadom konfliktu záujmov. V článku je uvedený aj stručný prierez aktuálnou právnou úpravou konfliktu záujmov vo všeobecnosti a aktuálnou úpravou konfliktu záujmov vo verejných obstaráva...

Ausführliche Beschreibung

Gespeichert in:
Bibliographische Detailangaben
1. Verfasser: Púček, Ľubomír
Weitere Verfasser: Mikle, Miroslava
Format: Buchkapitel
Sprache:Slowakisch
Schlagworte:
Tags: Tag hinzufügen
Keine Tags, Fügen Sie das erste Tag hinzu!

MARC

LEADER 00000naa a2200000 4500
001 0306166
005 20250115081556.2
041 0 |a slo 
044 |a SK 
245 1 0 |a Nová aplikačná a rozhodovacia prax ohľadom konfliktu záujmov  |c Ľubomír Púček, Miroslava Mikle 
520 |a Článok sa venuje novej aplikačnej a rozhodovacej praxi zo strany Úradu pre verejné obstarávanie (ďalej len "ÚVO") ohľadom konfliktu záujmov. V článku je uvedený aj stručný prierez aktuálnou právnou úpravou konfliktu záujmov vo všeobecnosti a aktuálnou úpravou konfliktu záujmov vo verejných obstarávaniach spolufinancovaných z fondov EÚ (Operačný program Slovensko) a z Plánu obnovy a odolnosti. V článku sú zanalyzované najnovšie a z hľadiska praxe zaujímavé rozhodnutia ÚVO, ktoré sa týkajú konfliktu záujmov. 
610 2 0 |a obstarávanie verejné 
610 2 0 |a úrady 
610 2 0 |a konflikt záujmov 
610 2 0 |a legislatíva 
610 2 0 |a právo 
100 1 |a Púček, Ľubomír 
700 1 |a Mikle, Miroslava